[Event "Titled Tue 10th Jun Early"]
[Site "chess.com INT"]
[Date "2025.06.10"]
[Round "1"]
[White "Novozhilov, Semen"]
[Black "Devaev, Alexander"]
[Result "1-0"]
[WhiteTitle "FM"]
[BlackTitle "FM"]
[WhiteElo "2352"]
[BlackElo "2306"]
[WhiteFideId "24289167"]
[BlackFideId "4169395"]
[EventDate "2025.06.10"]

1. d4 Nf6 2. Nf3 e6 3. c4 c5 4. d5 d6 5. Nc3 a6 6. a4 g6 7. h3 Bg7 8. e4 O-O 9.
Bd3 e5 10. O-O Ne8 11. Kh1 Nd7 12. Rb1 f5 13. Ng5 Nc7 14. Bc2 h6 15. Ne6 Nxe6
16. dxe6 Nb6 17. a5 Bxe6 18. axb6 Bxc4 19. Bb3 Bf7 20. Bxf7+ Rxf7 21. Qb3 Rc8
22. Rd1 c4 23. Qb4 Rc6 24. Nd5 Qh4 25. exf5 gxf5 26. f4 Kh7 27. Be3 Bf8 28. Rbc1
Rg7 29. Rxc4 Qg3 30. Rg1 Rxc4 31. Qxc4 Rg4 32. Nf6+ Kh8 33. Nxg4 fxg4 34. Qf7
Bg7 35. fxe5 1-0

[Event "Titled Tue 10th Jun Early"]
[Site "chess.com INT"]
[Date "2025.06.10"]
[Round "1"]
[White "Simonovic, Miroslav"]
[Black "Margl, Roland"]
[Result "1/2-1/2"]
[WhiteTitle "CM"]
[BlackTitle "FM"]
[WhiteElo "2092"]
[BlackElo "2289"]
[WhiteFideId "919152"]
[BlackFideId "773719"]
[EventDate "2025.06.10"]

1. d4 d5 2. Bg5 f6 3. Bf4 Nc6 4. Nf3 g5 5. Bg3 h5 6. h3 Bf5 7. e3 e6 8. Bd3 Nge7
9. a3 Qd7 10. Nc3 Bxd3 11. Qxd3 Nf5 12. Bh2 Bd6 13. Bxd6 Nxd6 14. e4 dxe4 15.
Nxe4 Nxe4 16. Qxe4 O-O-O 17. O-O-O Qd5 18. Rhe1 Qxe4 19. Rxe4 Rd6 20. Rde1 Nd8
21. c3 Rg8 22. g4 Rh8 23. Kc2 hxg4 24. hxg4 Kd7 25. Nd2 Rh2 26. Rf1 b5 27. f4
gxf4 28. Rexf4 e5 29. Rxf6 exd4 30. Rxd6+ Kxd6 31. cxd4 Rg2 32. g5 Ne6 33. Kc3
Nxg5 34. Rf6+ Kd7 35. Rf5 Rg3+ 36. Kb4 Ne6 37. Ne4 Rd3 38. d5 Rd4+ 39. Kc3 Rxe4
40. dxe6+ Rxe6 41. Rxb5 Kc6 42. Rh5 Re3+ 43. Kb4 Re4+ 44. Kc3 Rg4 45. Rh6+ Kb7
46. Rh7 Kb6 47. Kb3 Rg3+ 48. Ka2 Rg4 49. Kb3 c6 50. a4 Rf4 51. Ka3 Rf3+ 52. b3
c5 53. Rh4 Ka6 54. Rh6+ Kb7 55. Rh5 Kb6 56. Rh4 Rg3 57. Rh6+ Kb7 58. Rh7+ Kb8
59. Rh8+ Kc7 60. Rh7+ Kb6 61. Rh6+ Ka5 62. Rh4 Kb6 63. Rh6+ 1/2-1/2

[Event "Titled Tue 10th Jun Early"]
[Site "chess.com INT"]
[Date "2025.06.10"]
[Round "1"]
[White "Aslanov, Umid"]
[Black "Andriienko, Artom"]
[Result "0-1"]
[WhiteTitle "FM"]
[WhiteElo "2298"]
[BlackElo "2151"]
[WhiteFideId "13412620"]
[BlackFideId "34129510"]
[EventDate "2025.06.10"]

1. e4 c5 2. Nf3 d6 3. d4 cxd4 4. Nxd4 Nf6 5. Nc3 a6 6. Bc4 e6 7. Bb3 Nbd7 8. f4
Nc5 9. e5 dxe5 10. fxe5 Nxb3 11. axb3 Nd5 12. Ndb5 Bd7 13. Nd6+ Bxd6 14. exd6
Nxc3 15. bxc3 Qh4+ 16. Ke2 e5 17. h3 Qg3 18. Kf1 Qxc3 19. Bd2 Bb5+ 20. Kg1 Qc5+
21. Kh2 Qxd6 22. c4 Bc6 23. Bc3 Qxd1 24. Raxd1 f6 25. Ba5 Ke7 26. Bb4+ Kf7 27.
Ba5 h5 28. h4 Rh6 29. Rhe1 Rg6 30. g3 Rg4 31. Rd6 Re8 32. Bb6 Re6 33. Rd8 e4 34.
Be3 g5 35. hxg5 fxg5 36. Rf1+ Rf6 37. Rxf6+ Kxf6 38. Kh3 Ke7 39. Rh8 Bd7 40.
Rxh5 Rh4+ 0-1

[Event "Titled Tue 10th Jun Early"]
[Site "chess.com INT"]
[Date "2025.06.10"]
[Round "1"]
[White "Sahetchian, Armand"]
[Black "Zafirakos, Jesse"]
[Result "0-1"]
[WhiteTitle "CM"]
[BlackTitle "CM"]
[WhiteElo "2024"]
[BlackElo "2047"]
[WhiteFideId "607150"]
[BlackFideId "3236200"]
[EventDate "2025.06.10"]

1. d4 Nf6 2. c4 a6 3. Nf3 e6 4. a3 d5 5. Nc3 dxc4 6. e4 b5 7. e5 Nd5 8. Ne4 Bb7
9. Be2 Be7 10. O-O O-O 11. Bg5 Nd7 12. Bxe7 Qxe7 13. a4 Nf4 14. Nc3 b4 15. Na2
Bd5 16. Qd2 Nxe2+ 17. Qxe2 a5 18. Rac1 Nb6 19. Nd2 c3 20. Nxc3 bxc3 21. bxc3
Nxa4 22. c4 Bb7 23. f4 Rfd8 24. f5 exf5 25. d5 c6 26. d6 Rxd6 27. Rxf5 Re6 28.
Nf3 Re8 29. Re1 g6 30. Rf4 c5 31. Qa2 Bxf3 32. Qxa4 Bc6 33. Qxa5 Rxe5 34. Rxe5
Qxe5 35. Rf1 Qe3+ 36. Kh1 Qe2 37. Rg1 Qxc4 38. h3 Qd3 39. Kh2 Qd6+ 40. Kh1 Qg3 0-1

[Event "Titled Tue 10th Jun Early"]
[Site "chess.com INT"]
[Date "2025.06.10"]
[Round "1"]
[White "Beniosev, Daniel"]
[Black "Sindarov, Islombek"]
[Result "1-0"]
[WhiteTitle "CM"]
[BlackTitle "CM"]
[WhiteElo "1959"]
[BlackElo "2129"]
[WhiteFideId "11632674"]
[BlackFideId "14205475"]
[EventDate "2025.06.10"]

1. e4 c5 2. Nc3 Nc6 3. g3 g5 4. Bg2 h6 5. d3 Bg7 6. Be3 e6 7. Qd2 Nd4 8. Nd1 d6
9. c3 Nc6 10. Ne2 Nge7 11. O-O b6 12. f4 g4 13. f5 exf5 14. exf5 Bf6 15. Nf4 d5
16. d4 cxd4 17. Bxd4 Nxd4 18. cxd4 Qd6 19. Ne3 Bb7 20. Nxg4 Bg5 21. h4 Bxf4 22.
Qxf4 Qxf4 23. Rxf4 O-O-O 24. Ne5 Rhf8 25. f6 Nc6 26. Rc1 Kc7 27. b4 Kd6 28. Nxc6
Bxc6 29. Kf2 Rc8 30. Bh3 Bd7 31. Rxc8 Rxc8 32. Bxd7 Kxd7 33. g4 Rc2+ 34. Kg3
Rxa2 35. g5 hxg5 36. hxg5 Ra1 37. Kg4 Ke6 38. Rf3 Rg1+ 39. Kf4 Rd1 40. Re3+ Kd6
41. Re7 Rxd4+ 42. Kf5 Rxb4 43. Rxa7 Rb1 44. Rxf7 Rf1+ 45. Kg6 d4 46. Rf8 Kd7 47.
Rh8 Rf4 48. f7 Ke7 49. Re8+ Kd7 50. f8=Q Rxf8 51. Rxf8 1-0

[Event "Titled Tue 10th Jun Early"]
[Site "chess.com INT"]
[Date "2025.06.10"]
[Round "1"]
[White "Ghafourian, Amir Ali"]
[Black "Miserendino, Alfredo"]
[Result "1-0"]
[WhiteTitle "CM"]
[WhiteElo "2111"]
[BlackElo "2032"]
[WhiteFideId "12533831"]
[BlackFideId "101800"]
[EventDate "2025.06.10"]

1. e4 c5 2. Nf3 e6 3. d4 cxd4 4. Nxd4 Bc5 5. Nb3 Bb6 6. Na3 Ne7 7. Nc4 Bc7 8. e5
O-O 9. Bd3 f5 10. f4 Nbc6 11. Be3 Nd5 12. Bd2 b5 13. Nd6 Bxd6 14. exd6 a6 15.
O-O Bb7 16. a4 Qb6+ 17. Kh1 Ne3 18. Bxe3 Qxe3 19. axb5 axb5 20. Rxa8 Bxa8 21.
Bxb5 Rf6 22. Qe2 Qb6 23. Ra1 Bb7 24. Ba6 h6 25. Bxb7 Qxb7 26. Qa6 Qb4 27. Qc8+
Kh7 28. Qxd7 Nd4 29. Qa4 Qb7 30. Qxd4 1-0

[Event "Titled Tue 10th Jun Early"]
[Site "chess.com INT"]
[Date "2025.06.10"]
[Round "1"]
[White "Shukhman, Anna"]
[Black "Logozar, Elijah"]
[Result "1-0"]
[WhiteTitle "WGM"]
[WhiteElo "2413"]
[BlackElo "1928"]
[WhiteFideId "54180058"]
[BlackFideId "30963788"]
[EventDate "2025.06.10"]

1. e4 c5 2. Nf3 d6 3. d4 cxd4 4. Nxd4 Nf6 5. Nc3 a6 6. Qd3 Qc7 7. Bg5 Nbd7 8.
O-O-O b5 9. Nd5 Nxd5 10. exd5 Bb7 11. Nf5 g6 12. Qd4 f6 13. Ne3 Rc8 14. Bf4 Bg7
15. h4 Rg8 16. h5 f5 17. Qd2 Nc5 18. Kb1 g5 19. Nxf5 gxf4 20. Nxg7+ Rxg7 21.
Qxf4 Na4 22. Bd3 Bxd5 23. Rhe1 e5 24. Bf5 Qa5 25. Rxe5+ dxe5 26. Qxe5+ Kf8 27.
Bxc8 Nc3+ 28. bxc3 Qxa2+ 29. Kc1 Qa3+ 30. Kd2 Bc4 31. Re1 Rxg2 32. Qe8+ Kg7 33.
Re7+ Kh6 34. Qf8+ Kxh5 35. Rxh7+ Kg5 36. Qh6# 1-0

[Event "Titled Tue 10th Jun Early"]
[Site "chess.com INT"]
[Date "2025.06.10"]
[Round "1"]
[White "Hayrapetyan, Artavazd R."]
[Black "Chan, Mark"]
[Result "1-0"]
[WhiteTitle "FM"]
[BlackTitle "FM"]
[WhiteElo "2350"]
[BlackElo "2179"]
[WhiteFideId "13304240"]
[BlackFideId "5800560"]
[EventDate "2025.06.10"]

1. b3 Nf6 2. Bb2 g6 3. e3 Bg7 4. d4 d5 5. Nf3 O-O 6. c4 c6 7. Bd3 Nbd7 8. O-O
Re8 9. h3 a5 10. Nc3 Nf8 11. Qc2 Be6 12. Rac1 h6 13. Rfd1 Rc8 14. Na4 N8d7 15.
Bc3 Qc7 16. Qd2 Ra8 17. Qe1 Ne4 18. Bb2 Qb8 19. Nd2 b5 20. Bxe4 bxa4 21. cxd5
cxd5 22. Bd3 axb3 23. axb3 a4 24. Bc3 a3 25. Qe2 Rc8 26. Bb5 Nf6 27. Bb4 Rxc1
28. Rxc1 a2 29. Ra1 Bd7 30. Bxd7 Qxb4 31. Ba4 Rxa4 32. bxa4 Qb2 33. Qd1 e5 34.
Qc1 Qb4 35. dxe5 Nd7 36. Rxa2 Nxe5 37. a5 Nd3 38. Qb1 Nb2 39. Qc2 Nc4 40. Nxc4
dxc4 41. a6 c3 42. a7 1-0

[Event "Titled Tue 10th Jun Early"]
[Site "chess.com INT"]
[Date "2025.06.10"]
[Round "1"]
[White "Petrenko, Maryna"]
[Black "Akkara, Omer"]
[Result "0-1"]
[WhiteTitle "WFM"]
[BlackTitle "CM"]
[WhiteElo "2062"]
[BlackElo "2036"]
[WhiteFideId "14197820"]
[BlackFideId "26319802"]
[EventDate "2025.06.10"]

1. d4 Nf6 2. c4 e6 3. Nf3 d5 4. g3 b6 5. Bg2 Bb7 6. O-O Nbd7 7. cxd5 exd5 8. Nc3
a6 9. Ne5 Bd6 10. Bf4 O-O 11. Qc2 Re8 12. Nd3 Qe7 13. Bxd6 Qxd6 14. Rfe1 Re7 15.
Nf4 Rae8 16. e3 h6 17. Qb3 c6 18. Na4 b5 19. Nc3 Nb6 20. Qc2 a5 21. b3 Ba6 22.
a3 c5 23. dxc5 Qxc5 24. Nd3 Qc7 25. Rec1 Rc8 26. Bh3 Rce8 27. Nf4 d4 28. exd4
Qd6 29. d5 Rc7 30. Qb2 Nfxd5 31. Ncxd5 Nxd5 32. Rd1 Re5 33. Bg2 Bb7 34. Be4 Rxe4 0-1

[Event "Titled Tue 10th Jun Early"]
[Site "chess.com INT"]
[Date "2025.06.10"]
[Round "1"]
[White "Harshavardhan, G B"]
[Black "Dyulgerov, Volen"]
[Result "0-1"]
[WhiteTitle "IM"]
[BlackTitle "CM"]
[WhiteElo "2472"]
[BlackElo "2200"]
[WhiteFideId "25059009"]
[BlackFideId "2918978"]
[EventDate "2025.06.10"]

1. Nf3 g5 2. Nxg5 e5 3. d3 Be7 4. Nf3 Nc6 5. g3 h5 6. h4 d5 7. Bg2 Nf6 8. Bg5
Ng4 9. Bxe7 Qxe7 10. Nbd2 e4 11. Nh2 e3 12. Nxg4 exd2+ 13. Qxd2 Bxg4 14. O-O-O
O-O-O 15. Rde1 Qc5 16. e3 d4 17. a3 Rhe8 18. Kb1 Re6 19. exd4 Nxd4 20. Rxe6 fxe6
21. Re1 Bf5 22. Qc3 Qb6 23. Be4 Nb5 24. Qb4 a5 25. Qb3 a4 26. Qb4 c5 27. Qd2
Nxa3+ 28. Ka2 Nb5 29. Bxf5 exf5 30. Qf4 Nd4 31. Re7 a3 32. b3 Nxc2 33. Qxf5+ Kb8
34. Qe5+ Ka8 35. Qc7 Nb4+ 36. Kxa3 Qa6+ 37. Kb2 Qa2+ 38. Kc1 Qc2# 0-1

[Event "Titled Tue 10th Jun Early"]
[Site "chess.com INT"]
[Date "2025.06.10"]
[Round "1"]
[White "Enkhrii Enkh-Amgalan"]
[Black "Rahman, Masruri"]
[Result "0-1"]
[WhiteTitle "WFM"]
[BlackTitle "FM"]
[WhiteElo "2226"]
[BlackElo "2407"]
[WhiteFideId "4907272"]
[BlackFideId "7101163"]
[EventDate "2025.06.10"]

1. d4 Nf6 2. c4 e6 3. Nf3 Bb4+ 4. Nbd2 Qe7 5. a3 Bxd2+ 6. Bxd2 d6 7. Qc2 O-O 8.
e4 e5 9. d5 c6 10. Bd3 cxd5 11. cxd5 Bg4 12. Ng1 Rc8 13. Qb3 Na6 14. f3 Nc5 15.
Qc2 Ncxe4 16. Qb1 Nxd2 17. Kxd2 Nxd5 18. fxg4 Qg5+ 19. Ke1 Qe3+ 20. Ne2 Nf4 21.
Bxh7+ Kh8 22. Qe4 Qxe2+ 23. Qxe2 Nxe2 24. Kxe2 Kxh7 25. Rac1 d5 26. Rhd1 d4 27.
Kd3 Kg6 28. Ke4 f6 29. h4 Kf7 30. g5 Ke6 31. g4 fxg5 32. hxg5 Rxc1 33. Rxc1 Rf8
34. Rc7 Rf4+ 35. Kd3 Rxg4 36. Rxg7 Rg3+ 37. Kc4 b5+ 38. Kxb5 d3 39. Kc6 e4 40.
Rd7 Rxg5 41. Rd8 Ke5 42. b4 Kf4 43. Rf8+ Ke3 44. b5 d2 45. Rd8 Ke2 46. a4 e3 47.
a5 d1=Q 48. Rxd1 Kxd1 49. b6 axb6 0-1

[Event "Titled Tue 10th Jun Early"]
[Site "chess.com INT"]
[Date "2025.06.10"]
[Round "1"]
[White "Garcia Correa, Jose Ricardo"]
[Black "Nakonechnyi, Oleksii"]
[Result "0-1"]
[WhiteTitle "FM"]
[BlackTitle "CM"]
[WhiteElo "2103"]
[BlackElo "2222"]
[WhiteFideId "5101832"]
[BlackFideId "34173714"]
[EventDate "2025.06.10"]

1. e4 c5 2. Nf3 d6 3. d4 cxd4 4. Nxd4 Nf6 5. Nc3 a6 6. f4 e6 7. Qf3 Qc7 8. Be3
Be7 9. g4 Nc6 10. g5 Nd7 11. Bg2 h6 12. Qh3 Nxd4 13. Bxd4 e5 14. Nd5 Qc6 15. Bc3
Nf8 16. Qh5 Ng6 17. f5 hxg5 18. Qg4 Bf6 19. O-O-O Nf4 20. h4 Nxg2 21. Qxg2 Bd8
22. hxg5 Rg8 23. Rh3 a5 24. Rhd3 Ra6 25. Bd2 Bd7 26. Be3 Qa4 27. Kb1 Rc6 28. Nc3
Qb4 29. a3 Qc4 30. Rxd6 Rxd6 31. Rxd6 Be7 32. Rd3 Bc6 33. Nd5 Bd8 34. Qg4 b5 35.
b3 Bxd5 0-1

[Event "Titled Tue 10th Jun Early"]
[Site "chess.com INT"]
[Date "2025.06.10"]
[Round "1"]
[White "Montejo Bello, Lorena Beatriz"]
[Black "Mladenov, Plamen"]
[Result "0-1"]
[WhiteTitle "WFM"]
[BlackTitle "IM"]
[WhiteElo "2090"]
[BlackElo "2362"]
[WhiteFideId "3529045"]
[BlackFideId "2906198"]
[EventDate "2025.06.10"]

1. e4 c5 2. Nf3 d6 3. d4 cxd4 4. Nxd4 Nf6 5. Nc3 Nc6 6. f3 e5 7. Nb3 Be7 8. Be3
O-O 9. Be2 a5 10. Na4 Be6 11. Nb6 Rb8 12. a4 d5 13. exd5 Nxd5 14. Nxd5 Bxd5 15.
O-O Bxb3 16. cxb3 Bg5 17. Bc5 Re8 18. Bb5 Qf6 19. Qe2 Red8 20. Rfd1 Nd4 21. Bxd4
exd4 22. Rd3 Be3+ 23. Kh1 Rd5 24. Rad1 Rh5 25. g4 Rh3 26. Rf1 Qh4 27. Bc4 Rf8
28. Qg2 Kh8 29. Qe2 f5 30. Be6 fxg4 31. Bxg4 Rg3 32. Rdd1 h5 33. Bd7 Rg5 34. Bb5
Qf4 35. Bd3 h4 36. Be4 h3 37. Qd3 Rg2 0-1

[Event "Titled Tue 10th Jun Early"]
[Site "chess.com INT"]
[Date "2025.06.10"]
[Round "1"]
[White "Arslanov, Shamil"]
[Black "Osinovsky, Stepan"]
[Result "1-0"]
[WhiteTitle "IM"]
[BlackTitle "FM"]
[WhiteElo "2410"]
[BlackElo "2240"]
[WhiteFideId "4192826"]
[BlackFideId "4157354"]
[EventDate "2025.06.10"]

1. d4 Nf6 2. f3 g6 3. e4 d6 4. Be3 Bg7 5. Qd2 c6 6. Nc3 b5 7. Bh6 Bxh6 8. Qxh6
Nbd7 9. Bd3 Qb6 10. Nce2 c5 11. c3 cxd4 12. cxd4 e5 13. Nh3 Bb7 14. O-O exd4 15.
Rfd1 O-O-O 16. Kh1 Kb8 17. a4 bxa4 18. Rxa4 Nc5 19. Rxd4 Nb3 20. Ra4 Nd7 21. Ra3
Ndc5 22. Bc4 f5 23. Ng5 Na5 24. Bd5 Qxb2 25. Rxa5 Qxe2 26. Rb1 Rd7 27. Ne6 Nxe6
28. Bxe6 Rc7 29. Bd5 Ka8 30. Ra2 Qd3 31. Raa1 Bxd5 32. exd5 Rhc8 33. h3 Qxd5 34.
Qf4 Qe5 35. Qa4 h5 36. Qa6 1-0

[Event "Titled Tue 10th Jun Early"]
[Site "chess.com INT"]
[Date "2025.06.10"]
[Round "1"]
[White "Perossa, Nicolas"]
[Black "Hernandez Jimenez, Alexander Andres"]
[Result "0-1"]
[WhiteTitle "FM"]
[BlackTitle "FM"]
[WhiteElo "2286"]
[BlackElo "2069"]
[WhiteFideId "2850520"]
[BlackFideId "3900452"]
[EventDate "2025.06.10"]

1. d4 d5 2. c4 e6 3. Nc3 Nf6 4. cxd5 exd5 5. Bg5 Be7 6. e3 O-O 7. Bd3 c6 8. Nge2
Bg4 9. f3 Bh5 10. Nf4 Bg6 11. Nxg6 hxg6 12. h4 Nbd7 13. Qc2 b5 14. Ne2 Rc8 15.
Nf4 c5 16. dxc5 Nxc5 17. Qd2 Nxd3+ 18. Nxd3 d4 19. e4 Nh5 20. g4 Nf6 21. Kf2 Nd7
22. Bxe7 Qxe7 23. h5 Ne5 24. Nxe5 Qxe5 25. hxg6 fxg6 26. Rh3 Qxe4 27. Rah1 Rxf3+
28. Rxf3 Rc2 29. Qxc2 Qxc2+ 30. Kg3 d3 31. Rh2 d2 32. Rff2 Qc7+ 33. Kh4 d1=Q 34.
Rd2 Qe1+ 35. Kh3 Qe3+ 0-1

[Event "Titled Tue 10th Jun Early"]
[Site "chess.com INT"]
[Date "2025.06.10"]
[Round "1"]
[White "Vedant, Nitin Vekhande"]
[Black "Urazayev, Arystanbek"]
[Result "0-1"]
[WhiteTitle "CM"]
[BlackTitle "IM"]
[WhiteElo "2167"]
[BlackElo "2490"]
[WhiteFideId "45073449"]
[BlackFideId "13709810"]
[EventDate "2025.06.10"]

1. e4 c6 2. d4 d5 3. exd5 cxd5 4. Bd3 Nf6 5. Bf4 Qb6 6. Nf3 Nc6 7. O-O Bg4 8. c3
Qxb2 9. Nbd2 Qxc3 10. Bb5 Qa5 11. a4 Bd7 12. Nb3 Qd8 13. Nc5 e6 14. Nxb7 Qb6 15.
Nd6+ Bxd6 16. Bxd6 Nxd4 17. Ba3 Bxb5 18. axb5 Nxb5 19. Qa4 a6 20. Rfb1 Ne4 21.
Rb2 f6 22. Qb4 Ned6 23. Nd4 Qxd4 24. Qxd4 Nxd4 25. Bxd6 Kd7 26. Bc5 Nb5 27. g3
Rhc8 28. Be3 e5 29. Bd2 d4 30. Ra5 Nd6 31. Ra4 Rab8 32. Rxb8 Rxb8 33. Rxa6 Rb2
34. Ra7+ Ke6 35. Be1 Rb1 36. Kf1 d3 37. Ra2 Ne4 38. f3 d2 39. Rxd2 Nxd2+ 40. Ke2
Nxf3 41. Bf2 Nd4+ 42. Bxd4 exd4 43. Kd3 Rb2 44. h4 Rh2 45. Kxd4 Rg2 46. Ke4 Rxg3
47. Kf4 Rg6 48. h5 Rg5 49. h6 gxh6 50. Kf3 h5 51. Kf2 h4 52. Kf3 h3 53. Kf2 h2
54. Ke3 h5 55. Ke2 h4 56. Kd2 h3 57. Ke2 f5 58. Kd2 Kf6 59. Kd3 Rg3+ 60. Ke2
Rg2+ 61. Kf3 Kg5 62. Ke3 f4+ 63. Kf3 Rg1 64. Ke4 h1=Q+ 65. Kd3 Rd1+ 66. Ke2 f3+
67. Kf2 Qg2+ 68. Ke3 Qe2# 0-1

[Event "Titled Tue 10th Jun Early"]
[Site "chess.com INT"]
[Date "2025.06.10"]
[Round "1"]
[White "Guerrero Cataldo, Juan Andres"]
[Black "Rozman, Levy"]
[Result "0-1"]
[WhiteTitle "CM"]
[BlackTitle "IM"]
[WhiteElo "2082"]
[BlackElo "2324"]
[WhiteFideId "3421260"]
[BlackFideId "2039877"]
[EventDate "2025.06.10"]

1. c4 b6 2. g3 Bb7 3. Nf3 g6 4. Bg2 Bg7 5. O-O f5 6. d4 Nf6 7. Nc3 O-O 8. d5 Na6
9. Nd4 Nc5 10. b4 Nce4 11. Bb2 a5 12. a3 Qc8 13. Qc2 Nxc3 14. Bxc3 e5 15. dxe6
Bxg2 16. Kxg2 dxe6 17. f3 Qe8 18. Nb5 Qc6 19. Bb2 Nd5 20. Kf2 Bxb2 21. Qxb2 Qxc4
22. Nd4 Nc3 23. e3 e5 24. Ne2 axb4 25. axb4 Nxe2 26. Qxe2 Qxb4 27. Rab1 Qe7 28.
Rfc1 Rfd8 29. Qc4+ Qf7 30. Qxf7+ Kxf7 31. Rxc7+ Kf6 32. Rc6+ Kg5 33. Rcxb6 Rd2+
34. Kg1 Raa2 35. h4+ Kh5 36. g4+ fxg4 37. fxg4+ Kxh4 38. g5 Rg2+ 39. Kf1 Raf2+
40. Ke1 Kg3 41. Rf6 Rg1# 0-1

[Event "Titled Tue 10th Jun Early"]
[Site "chess.com INT"]
[Date "2025.06.10"]
[Round "1"]
[White "Di Benedetto, Guillermo"]
[Black "Terry, Renato"]
[Result "0-1"]
[WhiteTitle "FM"]
[BlackTitle "IM"]
[WhiteElo "2289"]
[BlackElo "2508"]
[WhiteFideId "111120"]
[BlackFideId "3803457"]
[EventDate "2025.06.10"]

1. d4 e6 2. c4 Bb4+ 3. Bd2 Qe7 4. Nf3 Nf6 5. g3 Nc6 6. Bg2 Bxd2+ 7. Nbxd2 d6 8.
O-O e5 9. d5 Nb8 10. Ne1 Nbd7 11. e4 a5 12. Nd3 O-O 13. b3 b6 14. Qe2 Nc5 15.
Rae1 g6 16. h3 Nh5 17. Kh2 Bd7 18. Bf3 Ng7 19. Bg2 Rae8 20. f4 exf4 21. gxf4 Qh4
22. Nxc5 bxc5 23. Qf2 Qh6 24. e5 Bf5 25. Ne4 Bxe4 26. Bxe4 dxe5 27. fxe5 Rxe5
28. Bg2 Rxe1 29. Rxe1 Nf5 30. Qxc5 Qf4+ 31. Kg1 Nd4 32. Re4 Nf3+ 33. Bxf3 Qxf3
34. Qe3 Qd1+ 35. Qe1 Qd3 36. Kh2 h5 37. Qe2 Qc3 38. Re7 Qf6 39. Re8 h4 40. Rxf8+
Kxf8 41. Qe3 Qb2+ 42. Kh1 Qb1+ 43. Qg1 Qxa2 44. Qc5+ Kg8 45. Qxc7 Qxb3 46. d6
Qxh3+ 47. Kg1 Qg3+ 48. Kf1 h3 49. Qb8+ Kh7 50. Qb7 Qf4+ 51. Kg1 Qg3+ 52. Kh1
Qxd6 53. Qxf7+ Kh6 54. Qd5 Qxd5+ 55. cxd5 Kg5 0-1

[Event "Titled Tue 10th Jun Early"]
[Site "chess.com INT"]
[Date "2025.06.10"]
[Round "1"]
[White "Dorrance, Adam"]
[Black "Arya G Mallar"]
[Result "1-0"]
[WhiteTitle "FM"]
[BlackTitle "WCM"]
[WhiteElo "2301"]
[BlackElo "2000"]
[WhiteFideId "2618567"]
[BlackFideId "25115324"]
[EventDate "2025.06.10"]

1. c4 c5 2. Nc3 Nf6 3. b3 g6 4. Bb2 Bg7 5. g3 Nc6 6. Bg2 O-O 7. a3 a6 8. e3 Rb8
9. d4 cxd4 10. exd4 b5 11. d5 Na5 12. cxb5 axb5 13. Nge2 d6 14. O-O Bb7 15. Nd4
Qb6 16. Ndxb5 Ba6 17. a4 Nd7 18. Re1 Ne5 19. Rb1 Rfc8 20. Ba1 Nb7 21. b4 Nd8 22.
a5 Qb7 23. Nd4 Nd3 24. Re4 Nxb4 25. Nc6 Ndxc6 26. dxc6 Qxc6 27. Rexb4 Qc7 28.
Nd5 Qa7 29. Nxe7+ Qxe7 30. Rxb8 Rxb8 31. Rxb8+ Bf8 32. h3 Qc7 33. Qb1 Qxa5 34.
Qb2 f6 35. Qxf6 Qe1+ 36. Kh2 Qxf2 37. Qg7# 1-0

[Event "Titled Tue 10th Jun Early"]
[Site "chess.com INT"]
[Date "2025.06.10"]
[Round "1"]
[White "Teh, Wee Zhun"]
[Black "Ozkan, Taha"]
[Result "0-1"]
[WhiteTitle "CM"]
[BlackTitle "FM"]
[WhiteElo "2010"]
[BlackElo "2247"]
[WhiteFideId "5707277"]
[BlackFideId "34577173"]
[EventDate "2025.06.10"]

1. d4 d5 2. c4 c6 3. Nc3 dxc4 4. e3 b5 5. a4 b4 6. Ne4 Qd5 7. Nd2 c3 8. bxc3
bxc3 9. Nb1 e5 10. Nxc3 Bb4 11. Bd2 Qa5 12. Qc2 exd4 13. exd4 Bf5 14. Bd3 Bxd3
15. Qxd3 Nf6 16. Nf3 O-O 17. O-O Nbd7 18. Rfb1 c5 19. dxc5 Nxc5 20. Qb5 Rab8 21.
Qxa5 Bxa5 22. Nb5 Bxd2 23. Nxd2 a6 24. Nc3 Rbc8 25. Nf3 h6 26. h3 Rfe8 27. a5
Nh5 28. Rb6 Nf4 29. Na4 Nfd3 30. Nxc5 Nxc5 31. Kh2 Kf8 32. Rc1 Rc7 33. Rc2 Rec8
34. Rd2 Ne4 0-1

[Event "Titled Tue 10th Jun Early"]
[Site "chess.com INT"]
[Date "2025.06.10"]
[Round "1"]
[White "Klimkowski, Jan"]
[Black "Gubatayev, Ahmet"]
[Result "1-0"]
[WhiteTitle "GM"]
[BlackTitle "CM"]
[WhiteElo "2508"]
[BlackElo "2191"]
[WhiteFideId "21856222"]
[BlackFideId "14004526"]
[EventDate "2025.06.10"]

1. e4 c5 2. Nf3 d6 3. d4 cxd4 4. Nxd4 Nf6 5. Nc3 a6 6. Be3 e5 7. Nb3 Be6 8. f4
Nc6 9. f5 Bxb3 10. axb3 Be7 11. g4 h6 12. Bg2 Rc8 13. Bf3 Nh7 14. Nd5 Bg5 15.
Bb6 Bh4+ 16. Ke2 Nd4+ 17. Kf1 Qd7 18. Bxd4 exd4 19. Nb6 Qb5+ 20. Nc4 Bf6 21. Ra5
Qb4 22. Ra4 Qb5 23. Ra5 Qb4 24. Qe1 Qxe1+ 25. Kxe1 Ke7 26. Kd2 Rc6 27. e5 dxe5
28. Bxc6 bxc6 29. Nxe5 Ng5 30. Re1 Kd6 31. Kd3 Bxe5 32. Rexe5 Nf3 33. Re2 Ra8
34. b4 Ng5 35. Kxd4 f6 36. c4 Nf3+ 37. Kc3 Ne5 38. b3 Nxg4 39. Rea2 Ne3 40. Rxa6
Rxa6 41. Rxa6 Nxf5 42. b5 Ne7 43. bxc6 Nxc6 44. b4 Kc7 45. b5 Ne5 46. Ra7+ Kb6
47. Rxg7 1-0

[Event "Titled Tue 10th Jun Early"]
[Site "chess.com INT"]
[Date "2025.06.10"]
[Round "1"]
[White "Altynbek, Aiaru"]
[Black "Reshetnikov, Alexey"]
[Result "0-1"]
[WhiteTitle "WFM"]
[BlackTitle "IM"]
[WhiteElo "1977"]
[BlackElo "2492"]
[WhiteFideId "13752472"]
[BlackFideId "4162080"]
[EventDate "2025.06.10"]

1. d4 Nf6 2. c4 e6 3. Nf3 c5 4. d5 exd5 5. cxd5 d6 6. Nc3 g6 7. e4 Bg7 8. Be2
O-O 9. Be3 Bg4 10. Nd2 Bxe2 11. Qxe2 a6 12. a4 Nbd7 13. O-O Re8 14. a5 Qc7 15.
Nc4 Ne5 16. Nb6 Rad8 17. h3 c4 18. f3 Nfd7 19. Rfd1 Rb8 20. Ra4 Nxb6 21. Bxb6
Qe7 22. f4 Nd3 23. Rxc4 Nxf4 24. Qf3 Be5 25. Rc7 Qg5 26. Rf1 Re7 27. Rxe7 Qxe7
28. Ne2 Nxe2+ 29. Qxe2 Rc8 30. Kh1 Qd7 31. Qf3 Rc2 32. b3 Rc3 33. Qf2 Rxb3 34.
Rc1 Rb4 35. Qf1 Rxe4 36. Rc7 Qf5 37. Qc1 Re2 38. Rc8+ Kg7 39. Bg1 Qe4 40. Qf1
Re1 41. Qf2 Bd4 0-1